Jurisprudencia de derecho familiar: nueva ley de matrimonio civil, 2004-2014

Guardat en:
Dades bibliogràfiques
Autor principal: Lepin Molina, Cristián Luis (Autor)
Format: Llibre
Idioma:espanyol
Publicat: Santiago Legal Publishing 2015
Edició:1a. ed
Col·lecció:Colección Repertorios
Matèries:
Etiquetes: Afegir etiqueta
Sense etiquetes, Sigues el primer a etiquetar aquest registre!

MARC

LEADER 00000cam a2200000 a 4500
001 UCE6193
003 CL-VaPUC
008 150326e20150100cl |||||||||||||||||spa|d
020 |a 9789563466324 
082 0 4 |a 346.83015  |b LEP  |2 21 
100 |a Lepin Molina, Cristián Luis  |e author  |9 622188 
245 1 0 |a Jurisprudencia de derecho familiar: nueva ley de matrimonio civil, 2004-2014 
250 |a 1a. ed 
300 |a t 
942 |c BK 
945 |d 20150326 13:02:00  |a arojas 
260 |a Santiago  |b Legal Publishing  |c 2015 
650 0 |a Derecho de familia  |9 255603 
650 7 |a MATRIMONIO  |2 CL-VaPUC  |9 578815 
650 0 |a Familias   |9 255641 
650 0 |a Sociedad conyugal   |9 357527 
650 0 |a Matrimonio civil  |9 385406 
583 |a last modification  |c 20150326 13:02:00  |k Rodrigo Vera 
490 0 |a Colección Repertorios 
999 |c 358579  |d 358577 
952 |0 0  |1 0  |3 erb  |4 0  |6 346_830150000000000_LEP_2015  |7 0  |8 A  |9 467391  |a BIBDER  |b BIBDER  |h t.1  |i 514275K  |l 1  |m 1  |o 346.83015 LEP 2015  |p 514275K  |r 2023-01-25  |s 2020-03-05  |w 2019-11-23  |y BK  |z Catalogado en:20150326  |k DER